000 00738nam a22001937a 4500
999 _c177698
_d177698
005 20210225162307.0
010 _aENG-129071
020 _c599.00
_a978-0-7382-3465-6
035 _aEN-112603
037 _bDBAD/PUB
082 _a616.99406
100 _aConnealy, Leigh Erin
245 _aThe Cancer Revolution: a groundbreaking program to reverse and prevent cancer/
_bLeigh Erin Connealy
260 _aGurugram
_bHachette Book Publishing India Pvt. Ltd.
_c2018
270 _bGurugram
_a4th/5th Floors, Corporate Centre, Plot No- 94, Sec- 44
_e122003
300 _aviii+328p.
_c23cm(pbk)
_bIncluding Bibliographical references and Index.
500 _aForeward by Joseph Mercola
942 _2ddc
_cEN
_h616.99406
_mCON